Guess the State #1 - Statistics

General Stats
  • This quiz has been taken 30 times
  • The average score is 5 of 10
Answer Stats
Hint Answer % Correct
This state has produced a 138-pound Cabbage Alaska
89%
Has never reached above 100°F Hawaii
67%
One-third of it's land is either state/federal land or national forest Montana
67%
The largest gems ever found in the U.S. have come from here Arkansas
63%
The highest capital in the country at ~7,000 square feet above sea level New Mexico
56%
Home to the (possibly) oldest man-made structure in America New Hampshire
48%
You can legally hunt bigfoot Texas
41%
This state has an official state possum Georgia
37%
The birthplace of the hamburger Connecticut
33%
The birthplace of Kool-Aid Nebraska
33%
No matching quizzes found
Score Distribution
Percent of People with Each Score
Percentile by Number Answered
Your Score History
You have not taken this quiz